000 00401nam a2200169 a 4500
001 12803
003 CO-ViMGA
008 141112s2004 ck r 000 u spa d
040 _aCO-ViMGA
_bspa
_cCO-ViMGA
082 0 4 _aA863.5 M175a
100 1 _aMarmol, Jose
_918568
245 1 0 _aAmalia
260 _aParis :
_bBedout,
_c1960
300 _a608p.
650 1 4 _aNOVELA ARGENTINA
_92131
942 _2ddc
_cBK
999 _c23744
_d23744